Central Library OPAC University of Rajshahi

Host plant resistance to insects/ (Record no. 54749)

MARC details
000 -LEADER
fixed length control field 01196nam a2200253 4500
001 - CONTROL NUMBER
control field 54749
003 - CONTROL NUMBER IDENTIFIER
rucl marc code BD-RjUL
005 - DATE AND TIME OF LATEST TRANSACTION
control field 20211209080150.0
008 - FIXED-LENGTH DATA ELEMENTS--GENERAL INFORMATION
fixed length control field 161110s1995 uk ||||| |||| 00| 0 eng d
020 ## - INTERNATIONAL STANDARD BOOK NUMBER
International Standard Book Number 0851989632
035 ## - SYSTEM CONTROL NUMBER
System control number (BD-RjUL)54871
040 ## - CATALOGING SOURCE
Language of cataloging eng
Transcribing agency BD-RjUL
041 ## - LANGUAGE CODE
Language code of text/sound track or separate title eng
082 ## - DEWEY DECIMAL CLASSIFICATION NUMBER
Edition number 23
Classification number 580.724
Author mark and year PAH 1995
100 ## - MAIN ENTRY--PERSONAL NAME
Personal name Panda, Niranjan and Khush, Gurdev S.
9 (RLIN) 163239
245 01 - TITLE STATEMENT
Title Host plant resistance to insects/
Statement of responsibility, etc. Niranjan Panda and Gurdev S. Khush.
260 ## - PUBLICATION, DISTRIBUTION, ETC. (IMPRINT)
Place of publication, distribution, etc. Wallingford, Oxon, UK :
Name of publisher, distributor, etc. CAB International in association with the International Rice Research Institute,
Date of publication, distribution, etc. ©1995.
300 ## - PHYSICAL DESCRIPTION
Pagination xiii, 431 p. :
Illustrations ill. ;
Size 24 cm.
505 ## - FORMATTED CONTENTS NOTE
Formatted contents note Crop plant and insect diversity; secondary plant metabolites for insect resistance; insect-plant interactions; host plant selection; mechanisms of resistance; factors affecting expression of resistance; screening for insect resistance; plant resistance and insect pest management; genetics of resistance to insects; breeding for resistance to insects.
650 ## - SUBJECT ADDED ENTRY--TOPICAL TERM
Topical term or geographic name as entry element Plants Botany Science
General subdivision Study and teaching
9 (RLIN) 163240
700 ## - ADDED ENTRY--PERSONAL NAME
Personal name Panda, Niranjan
Personal name Khush, Gurdev S.
942 ## - ADDED ENTRY ELEMENTS (KOHA)
Source of classification or shelving scheme Dewey Decimal Classification
Koha item type Books
Holdings
Lost status Source of classification or shelving scheme Damaged status Not for loan Permanent Location Current Location Shelving location Date acquired Source of acquisition Total Checkouts Full call number Date last seen Copy number Koha item type
  Dewey Decimal Classification   Not For Loan Institute of Biological Sciences (IBSc) Library Institute of Biological Sciences (IBSc) Library Institute Library 10/11/2016 Purchase   580.724 PAH 1995 10/11/2016 C-1 Books